000 00752nam a2200193 i 4500
001 100293
003 ES-MaACL
005 20250331063058.0
007 t|
008 050926m19241925fr ||||1| fre d
100 1 _aMarx, Karl,
_d1818-1883
_978590
245 1 0 _aHistoire des doctrines économiques /
_cKarl Marx; publié par Karl Kantsky; traduit par J. Molitor.
260 _aParis :
_b[s.n.],
_c1924-25 (
_ePoitiers :
_fImp. Marc Texier)
300 _a8 v. ;
_c19 cm.
505 8 _aContiene: T. I.II.- Depuis les origines de la theorie de la plusvalue jusqu'áa Adam Smith.-- T. III.V.- Ricardo.-- T. VI.VIII.- De Ricardo a l'économie vulgaire
700 1 _aMolitor, Jacques.
_982028
852 _aES-MaACL
_jA-3588-95
999 _c100293
_d100293